000 00960nam a2200289 a 4500
001 1012
003 BR-CuiBMT
005 20231125182743.0
008 230821s2012 spba 000 0 por d
020 _a9788522469291
040 _aBR-CuiBMT
_cBR-CuiBMT
080 _a351.9
_22007
090 _a351.9
_bM433m
_c4. ed.
100 1 _aMatias-Pereira, José
245 1 0 _aManual de gestão pública contemporânea /
_cJosé Matias-Pereira.
250 _a4. ed., rev. e atual.
260 _aSão Paulo :
_bAtlas,
_c2015.
300 _axvi, 310 p. ;
_bil. :
_c24 cm
500 _aInclui análise dos efeitos das mudanças de paradigmas na administração pública brasileira.
504 _aInclui bibliografia.
650 _aGestão pública
_xControle interno
650 _aAdministração pública
_xÉtica
_zBrasil
650 _aReforma administrativa
_zBrasil
650 _aPlanejamento estratégico
_zBrasil
650 _aGovernança
942 _2udc
_cLV
999 _c1012
_d1012